000 00356cam a2200133 4500
001 6391
010 _a 2005385965
020 _a9789993673316
100 0 _aWangmo, Chador.
_d
245 1 4 _aDema :
_bmystery of the missing egg /
_cChador Wangmo.
260 _aThimphu :
_bMiza Books,
_c2017.
300 _a101 p. ;
_c22 cm.
651 _aBhutan -- Fiction.
_v
_x
_y
_z
_2
999 _c5386
_d5386